Las Industrias con microburiles de la Valltorta / J. Maluquer de Motes
Descripción Física:
p. 107-111 ; 24 cm
Materias:
Arqueologia -- Catalunya
MARC
| LEADER | 00000nam a2200000Ia 4500 | ||
|---|---|---|---|
| 001 | 17318 | ||
| 008 | 160829s1939 xx 000 0 cat d | ||
| 080 | |a RF-15-16 | ||
| 100 | 1 | |a Maluquer de Motes, Joan, |d 1915-1988 |9 30020 | |
| 245 | |a Las Industrias con microburiles de la Valltorta / J. Maluquer de Motes | ||
| 260 | |a Barcelona : |b [Casa Provincial de Caridad], |c 1939 | ||
| 300 | |a p. 107-111 ; |c 24 cm | ||
| 590 | |a Separata de: Ampurias, I. | ||
| 590 | |a Prové de R.168 del currículum per la plaça de conservador del Museu Arqueològic, 1957 | ||
| 650 | 0 | |a Arqueologia |z Catalunya |9 34340 | |
| 856 | 4 | |u https://media.diba.cat/diba/fitxers/arxiu/fulletons/bib_17318_1939_baixa.pdf |y Accés lliure | |
| 856 | 4 | |u https://media.diba.cat/diba/fitxers/arxiu/fulletons/bib_17318_1939_baixa.pdf |y Accés lliure | |
| 901 | |a Arxiu | ||
| 942 | |n 1 |2 udc | ||
| 952 | |0 0 |1 0 |4 0 |6 RF1516 |7 1 |9 53712 |a Arxiu |b Arxiu |d 2016-12-01 |l 0 |o RF-15-16 |p 17318 |r 2016-12-01 00:00:00 |w 2016-12-01 |y ARXIU | ||
| 999 | |c 57578 |d 57578 | ||
| 900 | |a bib_17318_1939_baixa.pdf | ||